5HLuxD.jpg

KING HENRY VIII SENIOR AND PRIMARY SCHOOL LIBRARY OPAC

A CITY THROUGH TIME FROM ANCIENT COLONY TO VAST METRO POLIS (Record no. 4994)

000 -LEADER
fixed length control field 00682nam a22002177a 4500
005 - DATE AND TIME OF LATEST TRANSACTION
control field 20251007173148.0
008 - FIXED-LENGTH DATA ELEMENTS--GENERAL INFORMATION
fixed length control field 250502b ||||| |||| 00| 0 eng d
020 ## - INTERNATIONAL STANDARD BOOK NUMBER
International Standard Book Number 9781409364535
040 ## - CATALOGING SOURCE
Transcribing agency KH8
082 ## - DEWEY DECIMAL CLASSIFICATION NUMBER
Classification number 307.76 STE
100 ## - MAIN ENTRY--PERSONAL NAME
Personal name STEELE,PHILIP
Relator term AUTHOR
245 ## - TITLE STATEMENT
Title A CITY THROUGH TIME FROM ANCIENT COLONY TO VAST METRO POLIS
260 ## - PUBLICATION, DISTRIBUTION, ETC.
Place of publication, distribution, etc. 80 STRAND,LONDON,WC2R 0RL,GREAT BRITAIN
Name of publisher, distributor, etc. DK
Date of publication, distribution, etc. 2013
300 ## - PHYSICAL DESCRIPTION
Extent 48 pages
Other physical details color illustrations
Dimensions 28cm x 13cm
650 ## - SUBJECT ADDED ENTRY--TOPICAL TERM
Source of heading or term History
Topical term or geographic name entry element Juvenile literature
650 ## - SUBJECT ADDED ENTRY--TOPICAL TERM
Source of heading or term Cities
Topical term or geographic name entry element Juvenile literature
650 ## - SUBJECT ADDED ENTRY--TOPICAL TERM
Source of heading or term Architecture
Topical term or geographic name entry element Juvenile literature
655 ## - INDEX TERM--GENRE/FORM
Genre/form data or focus term Picture books
655 ## - INDEX TERM--GENRE/FORM
Genre/form data or focus term Juvenile literature
942 ## - ADDED ENTRY ELEMENTS (KOHA)
Source of classification or shelving scheme
Koha item type Books - Non Ficton
Holdings
Withdrawn status Lost status Source of classification or shelving scheme Damaged status Not for loan Collection code Permanent Location Current Location Shelving location Date acquired Total Checkouts Full call number Barcode Date last seen Date last checked out Price effective from Koha item type Public note
          Fiction KH8 Primary School Library KH8 Primary School Library Fiction 2025-05-02 1 307.76 STE KHPL000006934 2026-02-09 2026-01-29 2025-05-02 Books - Fiction KH8 PRIMARY LIBRARY

Powered By KH8 IT Dept